[Event "MNT-chT"]
[Site "Podgorica"]
[Date "2020.10.12"]
[Round "6.2"]
[White "Blagojevic, Lidija"]
[Black "Vuckovic, Marko1111"]
[Result "1/2-1/2"]
[WhiteElo "1877"]
[BlackElo "2043"]
[PlyCount "87"]
[EventDate "2020.10.09"]
[EventType "team-tourn"]
[EventRounds "9"]
[EventCountry "MNE"]
[SourceTitle "CBM 198 Extra"]
[Source "ChessBase"]
[SourceDate "2020.11.30"]
[SourceVersion "1"]
[SourceVersionDate "2020.11.30"]
[SourceQuality "1"]
[WhiteTeam "Herceg Novi"]
[BlackTeam "Buducnost"]
[WhiteTeamCountry "MNE"]
[BlackTeamCountry "MNE"]

1. e4 c5 2. Nc3 e6 3. f4 Nc6 4. Nf3 d5 5. Bb5 Nge7 6. Qe2 d4 7. Bxc6+ Nxc6 8. Nb1 Be7 9. 0-0 h5 10. d3 Rb8 11. Na3 b5 12. Bd2 Qb6 13. Kh1 Ba6 14. Rae1 c4 15. Nb1 Qc5 16. c3 b4 17. cxd4 Nxd4 18. Nxd4 Qxd4 19. Be3 Qxd3 20. Qf3 Bb7 21. Bxa7 Qxf3 22. gxf3 Ra8 23. Bd4 0-0 24. Rg1 g6 25. Rc1 Rfc8 26. Nd2 c3 27. bxc3 Rxa2 28. Nb3 Ra3 29. Nd2 bxc3 30. Nb1 Ra4 31. Bxc3 Rac4 32. Bd2 Rxc1 33. Rxc1 Rxc1+ 34. Bxc1 f5 35. Nd2 Bb4 36. Kg2 Bxd2 37. Bxd2 fxe4 38. fxe4 Bxe4+ 39. Kg3 Kf7 40. Bc3 Ke7 41. h4 Kd7 42. Be5 Kc6 43. Bb8 Kd5 44. Be5 1/2-1/2

[Event "MNT-chT 1st League"]
[Site "Podgorica"]
[Date "2019.07.21"]
[Round "2.7"]
[White "Mandic, Stefan"]
[Black "Blagojevic, Lidija"]
[Result "1-0"]
[WhiteElo "1927"]
[BlackElo "1908"]
[PlyCount "67"]
[EventDate "2019.07.20"]
[EventType "team-tourn"]
[EventRounds "9"]
[EventCountry "MNE"]
[SourceTitle "EXT 2020"]
[Source "ChessBase"]
[SourceDate "2019.10.17"]
[SourceVersion "1"]
[SourceVersionDate "2019.10.17"]
[SourceQuality "1"]
[WhiteTeam "Mimoza"]
[BlackTeam "Kotor"]
[WhiteTeamCountry "MNE"]
[BlackTeamCountry "MNE"]

1. e4 d6 2. d4 Nf6 3. Nc3 e5 4. Nf3 Nbd7 5. Bc4 Be7 6. 0-0 0-0 7. Qe2 c6 8. Bg5 Qc7 9. a4 a5 10. Rad1 Re8 11. Bh4 h6 12. Bg3 Nh5 13. dxe5 Nxg3 14. fxg3 dxe5 15. Ng5 Bxg5 16. Bxf7+ Kf8 17. Bxe8+ Nf6 18. Bg6 Be6 19. Qf2 Kg8 20. h3 Nh7 21. b3 Bf6 22. Bf5 Nf8 23. Qc5 Bf7 24. Nd5 Bxd5 25. exd5 e4 26. d6 Qd8 27. Qc4+ Kh8 28. Qxe4 Qb6+ 29. Kh2 Rd8 30. Rfe1 Qc5 31. d7 b6 32. Qf4 b5 33. Re8 g5 34. Qc7 1-0

[Event "EU-ch Amateur U2300"]
[Site "Niksic"]
[Date "2018.06.14"]
[Round "1"]
[White "Maloberti, David"]
[Black "Blagojevic, Lidija"]
[Result "1-0"]
[WhiteElo "2148"]
[BlackElo "1928"]
[PlyCount "117"]
[EventDate "2018.06.14"]
[EventType "swiss"]
[EventRounds "9"]
[EventCountry "MNE"]
[SourceTitle "CBM 185 Extra"]
[Source "ChessBase"]
[SourceDate "2018.07.29"]
[SourceVersion "1"]
[SourceVersionDate "2018.07.29"]
[SourceQuality "1"]

1. d4 Nf6 2. c4 d6 3. Nf3 Nbd7 4. Nc3 e5 5. e4 Be7 6. Be2 c6 7. 0-0 0-0 8. Be3 h6 9. d5 Ng4 10. Bd2 a5 11. Ne1 Ngf6 12. Nd3 Ne8 13. Bg4 Bg5 14. Bxd7 Bxd7 15. c5 Bxd2 16. Qxd2 cxd5 17. Nxd5 Bb5 18. Rfc1 f5 19. exf5 Rxf5 20. Ne3 Rf7 21. Rd1 Qf6 22. cxd6 Qxd6 23. Qc3 Bxd3 24. Rxd3 Qe6 25. Rd5 e4 26. Rxa5 Rd8 27. Re5 Qg6 28. Nd5 Kh7 29. Re1 Nd6 30. Qg3 Qxg3 31. hxg3 Nc4 32. Re7 Rxe7 33. Nxe7 Nxb2 34. Rxe4 Rd1+ 35. Kh2 Rd2 36. f4 Nd1 37. a4 Ra2 38. Rb4 Rb2 39. Re4 Ra2 40. Nf5 Kg6 41. g4 Kf6 42. Rb4 Rb2 43. Rd4 Nc3 44. Rd6+ Kf7 45. Rd7+ Kf6 46. Nxg7 Nxa4 47. Nh5+ Ke6 48. Rh7 b5 49. f5+ Ke5 50. Rxh6 Nc5 51. Rc6 Kd5 52. Rb6 Nd3 53. g5 Kc5 54. Rb8 Rf2 55. f6 Ne1 56. Kh3 b4 57. g6 Rxg2 58. f7 Rf2 59. f8Q+ 1-0

[Event "MNT-ch (Women)"]
[Site "Bar"]
[Date "2017.03.15"]
[Round "7"]
[White "Popovic, Mateja"]
[Black "Blagojevic, Lidija"]
[Result "0-1"]
[WhiteElo "1153"]
[BlackElo "1942"]
[PlyCount "82"]
[EventDate "2017.03.11"]
[EventType "tourn"]
[EventRounds "10"]
[EventCountry "MNE"]
[SourceTitle "CBM 177 Extra"]
[Source "ChessBase"]
[SourceDate "2017.04.27"]
[SourceVersion "1"]
[SourceVersionDate "2017.04.27"]
[SourceQuality "1"]

1. d4 d6 2. Nf3 Nf6 3. g3 Nbd7 4. Bg2 e5 5. dxe5 dxe5 6. Nc3 c6 7. e4 Qc7 8. 0-0 b5 9. a3 a5 10. Re1 Be7 11. Bg5 h6 12. Bxf6 Bxf6 13. Qd2 Nb6 14. Red1 Nc4 15. Qc1 0-0 16. b3 Nb6 17. Qe3 Be7 18. Rd3 Rb8 19. Ne2 Be6 20. Qd2 Nd7 21. c3 Nc5 22. b4 Nxd3 23. Qxd3 Rfd8 24. Qc2 Ra8 25. Rd1 Rxd1+ 26. Qxd1 Rd8 27. Qc2 Qd6 28. h3 a4 29. Qb1 Qd1+ 30. Qxd1 Rxd1+ 31. Kh2 f6 32. Nfg1 Ra1 33. f4 Rxa3 34. Nf3 Bd6 35. fxe5 fxe5 36. Kg1 Bc4 37. Kf2 Bxe2 38. Kxe2 Rxc3 39. g4 a3 40. Kd2 Rxf3 41. Bxf3 a2 0-1

[Event "MNT-ch (Women)"]
[Site "Bar"]
[Date "2017.03.12"]
[Round "3"]
[White "Delevic, Nina"]
[Black "Blagojevic, Lidija"]
[Result "0-1"]
[WhiteElo "1765"]
[BlackElo "1942"]
[PlyCount "152"]
[EventDate "2017.03.11"]
[EventType "tourn"]
[EventRounds "10"]
[EventCountry "MNE"]
[SourceTitle "CBM 177 Extra"]
[Source "ChessBase"]
[SourceDate "2017.04.27"]
[SourceVersion "1"]
[SourceVersionDate "2017.04.27"]
[SourceQuality "1"]

1. b3 e5 2. Bb2 d6 3. e3 Nf6 4. c4 c6 5. Nc3 Bf5 6. d4 Nbd7 7. d5 Qa5 8. dxc6 bxc6 9. Qd2 Nc5 10. e4 Bd7 11. f3 Be7 12. 0-0-0 h6 13. Kc2 Rb8 14. g4 Qb4 15. Nce2 Qxd2+ 16. Rxd2 Nfxe4 17. fxe4 Nxe4 18. Bg2 Nxd2 19. Kxd2 0-0 20. h3 f5 21. gxf5 Rxf5 22. Nf3 Rbf8 23. Ke3 Be8 24. Ng3 Bg5+ 25. Ke2 R5f7 26. Ne4 Be7 27. Ba3 c5 28. Rf1 Bc6 29. Nfd2 a5 30. Rxf7 Rxf7 31. Nf6+ gxf6 32. Bxc6 Rg7 33. Be4 Rg3 34. Bf5 Rg2+ 35. Kd3 Rf2 36. Be6+ Kg7 37. Ke3 Rh2 38. Bb2 Kg6 39. Bc3 Bd8 40. Ne4 Bc7 41. Nf2 Rg2 42. Kf3 Rg1 43. Ke4 Rc1 44. Bf5+ Kg7 45. Kd3 h5 46. Kd2 Rg1 47. Be4 Kf7 48. a3 Rg3 49. b4 axb4 50. axb4 cxb4 51. Bxb4 f5 52. Bd5+ Kf6 53. c5 dxc5 54. Bxc5 Rg7 55. Ke2 Ba5 56. Bf3 h4 57. Be3 Rc7 58. Bd5 Rc2+ 59. Kf3 Rc7 60. Ke2 Rd7 61. Bc6 Rd6 62. Bf3 Bb6 63. Bc1 Bd4 64. Bb7 Rb6 65. Bd5 Rb5 66. Ba8 Ra5 67. Ne4+ fxe4 68. Bxe4 Ra2+ 69. Kf3 Ra1 70. Bd2 Rg1 71. Ke2 Rg3 72. Kf1 Rxh3 73. Kg2 Rg3+ 74. Kh1 Ra3 75. Bb4 Ra4 76. Bd2 Ra1+ 0-1

[Event "MNT-ch (Women)"]
[Site "Bar"]
[Date "2017.03.11"]
[Round "1"]
[White "Blagojevic, Lidija"]
[Black "Andjelic, Nikolina"]
[Result "1-0"]
[WhiteElo "1942"]
[BlackElo "1435"]
[PlyCount "61"]
[EventDate "2017.03.11"]
[EventType "tourn"]
[EventRounds "10"]
[EventCountry "MNE"]
[SourceTitle "CBM 177 Extra"]
[Source "ChessBase"]
[SourceDate "2017.04.27"]
[SourceVersion "1"]
[SourceVersionDate "2017.04.27"]
[SourceQuality "1"]

1. e4 e5 2. Bc4 Nf6 3. d3 Nc6 4. c3 Bc5 5. Bg5 0-0 6. Nf3 d6 7. a4 Qe7 8. b4 Bxb4 9. cxb4 Nxb4 10. h3 h6 11. Bh4 a5 12. 0-0 Re8 13. Nc3 Be6 14. Qe2 Bxc4 15. dxc4 Qe6 16. Nd5 Nfxd5 17. cxd5 Qg6 18. Bg3 Rac8 19. Rac1 Rf8 20. Nh4 Qh7 21. Rfd1 Na6 22. f3 Nc5 23. Qc4 g6 24. Bxe5 dxe5 25. Qxc5 b6 26. Qc6 Qg7 27. g3 Rfd8 28. Qb7 f6 29. Rc6 Qd7 30. Kh2 Kg7 31. Rdc1 1-0

[Event "MNT-ch sf"]
[Site "Niksic"]
[Date "2017.02.18"]
[Round "3"]
[White "Blagojevic, Lidija"]
[Black "Delevic, Nina"]
[Result "0-1"]
[WhiteElo "1971"]
[BlackElo "1740"]
[PlyCount "97"]
[EventDate "2017.02.17"]
[EventType "swiss"]
[EventRounds "7"]
[EventCountry "MNE"]
[SourceTitle "CBM 177 Extra"]
[Source "ChessBase"]
[SourceDate "2017.04.27"]
[SourceVersion "1"]
[SourceVersionDate "2017.04.27"]
[SourceQuality "1"]

1. e4 b6 2. Nc3 Bb7 3. d3 e6 4. g3 Nf6 5. Bg2 Bb4 6. Bd2 d5 7. e5 Nfd7 8. Qg4 Bxc3 9. Bxc3 g6 10. d4 c5 11. h4 cxd4 12. Qxd4 Nc6 13. Qf4 Qe7 14. Nf3 0-0-0 15. 0-0-0 Nc5 16. Nd4 Qc7 17. Nb5 Qe7 18. Nd6+ Kb8 19. Qxf7 Rhf8 20. Qxe7 Nxe7 21. f4 Nf5 22. Nxf5 gxf5 23. Bd4 Rg8 24. Rh3 Ne4 25. Bxe4 dxe4 26. Bf2 h5 27. Rxd8+ Rxd8 28. Be3 Ba6 29. Rh2 Rg8 30. Rg2 Bf1 31. Rg1 Be2 32. Kd2 Bf3 33. Bd4 Kc7 34. c4 Rd8 35. Ke3 a5 36. a4 Kc6 37. Rc1 Rg8 38. Kf2 Rd8 39. Ke3 Rg8 40. Rg1 Rg7 41. Kd2 Rd7 42. Kc3 Be2 43. Re1 Bf3 44. Rc1 Rg7 45. Rg1 Rd7 46. Re1 Rg7 47. Bf2 Rd7 48. Be3 Rd3+ 49. Kc2 0-1

[Event "Olympiad Women-39"]
[Site "Khanty-Mansiysk"]
[Date "2010.09.28"]
[Round "7.21"]
[White "De Oliveira, Ana Paula"]
[Black "Blagojevic, Lidija"]
[Result "1-0"]
[WhiteElo "1839"]
[BlackElo "2013"]
[PlyCount "93"]
[EventDate "2010.09.21"]
[EventType "team-swiss"]
[EventRounds "11"]
[EventCountry "RUS"]
[SourceTitle "CBM 139"]
[Source "ChessBase"]
[SourceDate "2010.11.18"]
[SourceVersion "1"]
[SourceVersionDate "2010.11.18"]
[SourceQuality "1"]
[WhiteTeam "Brazil (W)"]
[BlackTeam "Montenegro (W)"]
[WhiteTeamCountry "BRA"]
[BlackTeamCountry "MNE"]

1. c4 e5 2. Nc3 Nf6 3. g3 c6 4. Bg2 d6 5. d4 Nbd7 6. Nf3 a6 7. Bg5 Qc7 8. Qd2 h6 9. Bxf6 Nxf6 10. dxe5 dxe5 11. Rd1 Be7 12. h3 0-0 13. Qe3 Nd7 14. 0-0 f5 15. a3 a5 16. Na4 Ra6 17. c5 Kh8 18. Rc1 e4 19. Nd4 Ne5 20. Qb3 Rf6 21. Rfd1 Nd7 22. Rc3 Qe5 23. Qc2 Rf8 24. g4 fxg4 25. Qxe4 Qxe4 26. Bxe4 Ne5 27. hxg4 Nxg4 28. f3 Ne5 29. Nb6 Rd8 30. Nxc8 Rxc8 31. Nf5 Bf6 32. Nd6 Rb8 33. Rb3 b5 34. f4 Ng4 35. Bf5 h5 36. Rh3 Kg8 37. Be6+ Kf8 38. Bxg4 g6 39. Be6 Bxb2 40. f5 Ke7 41. Re3 Kf6 42. fxg6 Kxg6 43. Bf7+ Kg5 44. Re6 b4 45. Rf1 Rg8 46. Bxg8 bxa3 47. Rf5+ 1-0

[Event "Olympiad Women-39"]
[Site "Khanty-Mansiysk"]
[Date "2010.09.24"]
[Round "4.11"]
[White "Dworakowska, Joanna"]
[Black "Blagojevic, Lidija"]
[Result "1-0"]
[WhiteElo "2315"]
[BlackElo "2013"]
[PlyCount "89"]
[EventDate "2010.09.21"]
[EventType "team-swiss"]
[EventRounds "11"]
[EventCountry "RUS"]
[SourceTitle "CBM 139"]
[Source "ChessBase"]
[SourceDate "2010.11.18"]
[SourceVersion "1"]
[SourceVersionDate "2010.11.18"]
[SourceQuality "1"]
[WhiteTeam "Poland (W)"]
[BlackTeam "Montenegro (W)"]
[WhiteTeamCountry "POL"]
[BlackTeamCountry "MNE"]

1. d4 Nf6 2. Nc3 d6 3. e4 e5 4. Nge2 Be7 5. g3 c6 6. Bg2 0-0 7. a4 a5 8. 0-0 Re8 9. h3 Nbd7 10. Be3 h6 11. f4 Bf8 12. g4 exd4 13. Bxd4 Nc5 14. Ng3 Ne6 15. Be3 Nd7 16. Kh1 Rb8 17. Qd2 Nb6 18. b3 Nc5 19. Rad1 Bxg4 20. Bxc5 Bxd1 21. Bxb6 Qxb6 22. Nxd1 Qb4 23. Qf2 b5 24. axb5 Rxb5 25. Nb2 Qc3 26. Na4 Qf6 27. Qf3 Rc8 28. Qg4 Rc7 29. Rd1 Qg6 30. Qf3 d5 31. f5 dxe4 32. Qf4 Qg5 33. Qxc7 Rd5 34. Rxd5 cxd5 35. Nc3 Qc1+ 36. Kh2 Qxc2 37. Nxd5 Qxb3 38. Qd8 Qa3 39. Nxe4 a4 40. Qe8 Kh7 41. Qxf7 Bd6+ 42. Nxd6 Qxd6+ 43. Kh1 Qe5 44. Qe7 Qa1+ 45. Kh2 1-0

[Event "MNT-chT (Women)"]
[Site "Cetinje"]
[Date "2010.07.25"]
[Round "2"]
[White "Blagojevic, Lidija"]
[Black "Benderac, Ana"]
[Result "0-1"]
[WhiteElo "2016"]
[BlackElo "2283"]
[PlyCount "114"]
[EventDate "2010.07.24"]
[EventType "team-tourn"]
[EventRounds "3"]
[EventCountry "MNE"]
[SourceTitle "CBM 137 Extra"]
[Source "ChessBase"]
[SourceDate "2010.09.01"]
[SourceVersion "1"]
[SourceVersionDate "2010.09.01"]
[SourceQuality "1"]

1. e4 d5 2. exd5 Qxd5 3. Nc3 Qa5 4. Bc4 Nf6 5. Qe2 Bg4 6. f3 Bf5 7. d3 c6 8. g4 Bc8 9. Bd2 Qc7 10. Nh3 b5 11. Bb3 b4 12. Bf4 Qd8 13. Ne4 e6 14. Nhf2 Nd5 15. Bxd5 cxd5 16. Ng3 Nc6 17. 0-0 Qf6 18. Be3 Qxb2 19. f4 Be7 20. g5 Bd7 21. Rfb1 Qa3 22. Bc1 Qa5 23. Bb2 0-0 24. Nh5 d4 25. Rf1 e5 26. Ne4 exf4 27. h4 Kh8 28. Rxf4 Rae8 29. Qf2 f5 30. gxf6 Qxh5 31. fxe7 Rxf4 32. Qxf4 Qg4+ 33. Qxg4 Bxg4 34. Rf1 Kg8 35. Rf4 Bd1 36. Nc5 Rxe7 37. Bxd4 Nxd4 38. Rxd4 Re1+ 39. Kf2 Re2+ 40. Kg3 Rxc2 41. Na6 Rxa2 42. Nxb4 Ra4 43. Rd8+ Kf7 44. Nc6 Ra6 45. Ne5+ Ke6 46. Nc4 Ke7 47. Rd4 Rg6+ 48. Kh3 Bb3 49. Na5 Be6+ 50. Kh2 Rg4 51. Rxg4 Bxg4 52. Nc6+ Kd6 53. Na5 Be2 54. Nc4+ Kc5 55. Ne5 a5 56. Kg3 a4 57. Kf2 a3 0-1

[Event "MNT-ch (Women)"]
[Site "Cetinje"]
[Date "2010.07.04"]
[Round "3"]
[White "Blagojevic, Lidija"]
[Black "Blagojevic, Tijana"]
[Result "1/2-1/2"]
[WhiteElo "2016"]
[BlackElo "1754"]
[PlyCount "21"]
[EventDate "2010.07.02"]
[EventType "tourn"]
[EventRounds "7"]
[EventCountry "MNE"]
[SourceTitle "CBM 137 Extra"]
[Source "ChessBase"]
[SourceDate "2010.09.01"]
[SourceVersion "1"]
[SourceVersionDate "2010.09.01"]
[SourceQuality "1"]

1. d4 d5 2. Nc3 Nf6 3. Nf3 e6 4. g3 c5 5. e3 Nc6 6. Bg2 cxd4 7. exd4 Bb4 8. 0-0 0-0 9. Ne2 Ne4 10. c3 Ba5 11. Nf4 1/2-1/2

[Event "MNT-ch (Women)"]
[Site "Cetinje"]
[Date "2010.07.03"]
[Round "2"]
[White "Delevic, Nina"]
[Black "Blagojevic, Lidija"]
[Result "0-1"]
[WhiteElo "1738"]
[BlackElo "2016"]
[PlyCount "108"]
[EventDate "2010.07.02"]
[EventType "tourn"]
[EventRounds "7"]
[EventCountry "MNE"]
[SourceTitle "CBM 137 Extra"]
[Source "ChessBase"]
[SourceDate "2010.09.01"]
[SourceVersion "1"]
[SourceVersionDate "2010.09.01"]
[SourceQuality "1"]

1. d4 d6 2. c4 Nf6 3. Nc3 Nbd7 4. e4 e5 5. Nf3 c6 6. Be2 Be7 7. h3 Qc7 8. 0-0 Nf8 9. Be3 Ng6 10. Qc1 a6 11. a4 a5 12. Rd1 Bd7 13. Qd2 0-0 14. Bg5 Rad8 15. Nh4 Nxh4 16. Bxh4 Nxe4 17. Nxe4 Bxh4 18. dxe5 dxe5 19. Qe3 Bc8 20. c5 Be6 21. Nd6 Bf6 22. Bg4 Bxg4 23. hxg4 h6 24. Qb3 Rd7 25. Rd3 Rb8 26. Rad1 b6 27. Ne4 Rxd3 28. Nxf6+ gxf6 29. Qxd3 bxc5 30. Qc2 Rd8 31. Rxd8+ Qxd8 32. Qxc5 Qd1+ 33. Kh2 Qxa4 34. f3 Kg7 35. Kh3 Qb5 36. Qc1 Qd5 37. Qc3 a4 38. Qc2 Qb5 39. Qd2 c5 40. Qc1 Qb4 41. g3 c4 42. f4 exf4 43. gxf4 Qb3+ 44. Kh4 Qd3 45. Qa1 a3 46. bxa3 c3 47. g5 hxg5+ 48. fxg5 Qe4+ 49. Kg3 Qe5+ 50. Kf3 fxg5 51. a4 Qf6+ 52. Ke3 c2 53. Qxf6+ Kxf6 54. Kd2 Ke7 0-1

[Event "MNT-ch (Women)"]
[Site "Cetinje"]
[Date "2010.07.02"]
[Round "1"]
[White "Rapport, Jovana"]
[Black "Blagojevic, Lidija"]
[Result "1-0"]
[WhiteElo "2302"]
[BlackElo "2016"]
[PlyCount "131"]
[EventDate "2010.07.02"]
[EventType "tourn"]
[EventRounds "7"]
[EventCountry "MNE"]
[SourceTitle "CBM 137 Extra"]
[Source "ChessBase"]
[SourceDate "2010.09.01"]
[SourceVersion "1"]
[SourceVersionDate "2010.09.01"]
[SourceQuality "1"]

1. Nf3 Nf6 2. g3 d6 3. d4 Nbd7 4. Bg2 e5 5. c4 Be7 6. Nc3 0-0 7. 0-0 c6 8. Qc2 Qc7 9. h3 Re8 10. e4 a6 11. a4 a5 12. Be3 Nf8 13. Rad1 Ne6 14. Rd2 Nd7 15. Rfd1 h6 16. Ne2 Bf8 17. Ne1 Be7 18. Kh2 Nb8 19. Nd3 Na6 20. Qc3 exd4 21. Nxd4 Nec5 22. Nxc5 dxc5 23. Nf3 Be6 24. Bf4 Qb6 25. b3 Rad8 26. Be5 f6 27. Bf4 Rxd2 28. Rxd2 Rd8 29. Nh4 Rxd2 30. Bxd2 Nb4 31. Ng6 Qd8 32. e5 Kf7 33. Nxe7 Qxe7 34. exf6 Qxf6 35. Qxf6+ Kxf6 36. g4 Bd7 37. Bc3+ Kf7 38. Bf1 g6 39. Be5 Na6 40. Kg3 Kg8 41. Kf4 Kf7 42. Bd6 Ke6 43. Bf8 h5 44. gxh5 gxh5 45. Bg7 Nc7 46. Bc3 b6 47. h4 Kf7 48. Ke5 Ke7 49. Be2 Be8 50. f4 Bf7 51. f5 Ne8 52. Bf3 Kd7 53. Kf4 Nd6 54. Kg5 b5 55. Bxa5 bxa4 56. bxa4 Nxc4 57. Be1 Nd6 58. a5 c4 59. a6 Nb5 60. Bxh5 Bd5 61. Be2 Kc7 62. h5 Nd4 63. h6 Bg8 64. Bxc4 Bh7 65. f6 Nf3+ 66. Kf4 1-0

[Event "EU-chT (Women) 08th"]
[Site "Novi Sad"]
[Date "2009.10.30"]
[Round "9"]
[White "Reppen, Ellisiv"]
[Black "Blagojevic, Lidija"]
[Result "1/2-1/2"]
[WhiteElo "1915"]
[BlackElo "2046"]
[PlyCount "28"]
[EventDate "2009.10.22"]
[EventType "team-swiss"]
[EventRounds "9"]
[EventCountry "YUG"]
[SourceTitle "EXT 2010"]
[Source "ChessBase"]
[SourceDate "2010.11.25"]
[SourceVersion "1"]
[SourceVersionDate "2010.11.25"]
[SourceQuality "1"]
[WhiteTeam "Norway (W)"]
[BlackTeam "Montenegro (W)"]
[WhiteTeamCountry "NOR"]
[BlackTeamCountry "MNE"]

1. e4 e5 2. Nf3 d6 3. Bc4 c6 4. d3 Be7 5. Be3 Nf6 6. h3 0-0 7. c3 b5 8. Bb3 a5 9. Nbd2 a4 10. Bc2 Ne8 11. d4 Nd7 12. 0-0 Nc7 13. Re1 Bb7 14. Nf1 Bf6 1/2-1/2

[Event "EU-chT (Women) 08th"]
[Site "Novi Sad"]
[Date "2009.10.27"]
[Round "6"]
[White "Blagojevic, Lidija"]
[Black "Raeva, Elitsa"]
[Result "0-1"]
[WhiteElo "2046"]
[BlackElo "2248"]
[PlyCount "69"]
[EventDate "2009.10.22"]
[EventType "team-swiss"]
[EventRounds "9"]
[EventCountry "YUG"]
[SourceTitle "EXT 2010"]
[Source "ChessBase"]
[SourceDate "2010.11.25"]
[SourceVersion "1"]
[SourceVersionDate "2010.11.25"]
[SourceQuality "1"]
[WhiteTeam "Montenegro (W)"]
[BlackTeam "Bulgaria (W)"]
[WhiteTeamCountry "MNE"]
[BlackTeamCountry "BUL"]

1. e4 c5 2. Nc3 Nc6 3. f4 g6 4. Nf3 Bg7 5. Bc4 e6 6. f5 Nge7 7. fxe6 dxe6 8. 0-0 0-0 9. d3 Na5 10. Bb3 Nec6 11. Qe1 Nd4 12. Nxd4 cxd4 13. Ne2 Nxb3 14. axb3 b6 15. Rf3 Qc7 16. c3 dxc3 17. bxc3 f5 18. exf5 exf5 19. Bf4 Qf7 20. b4 Bb7 21. Rh3 Rfe8 22. Qf2 Qb3 23. Rc1 Rad8 24. Bg5 Rd6 25. Re3 Rxe3 26. Qxe3 Re6 27. Qd2 Re8 28. c4 a5 29. bxa5 bxa5 30. d4 a4 31. c5 Qd5 32. Nc3 Bxd4+ 33. Kh1 Bxc3 34. Qxd5+ Bxd5 35. Bf4 0-1

[Event "EU-chT (Women) 08th"]
[Site "Novi Sad"]
[Date "2009.10.26"]
[Round "5"]
[White "Malokas, Nermina"]
[Black "Blagojevic, Lidija"]
[Result "1-0"]
[WhiteElo "1959"]
[BlackElo "2046"]
[PlyCount "109"]
[EventDate "2009.10.22"]
[EventType "team-swiss"]
[EventRounds "9"]
[EventCountry "YUG"]
[SourceTitle "EXT 2010"]
[Source "ChessBase"]
[SourceDate "2010.11.25"]
[SourceVersion "1"]
[SourceVersionDate "2010.11.25"]
[SourceQuality "1"]
[WhiteTeam "Bosnia&Hercegovina (W)"]
[BlackTeam "Montenegro (W)"]
[WhiteTeamCountry "BIH"]
[BlackTeamCountry "MNE"]

1. d4 d6 2. c4 Nd7 3. Nf3 Ngf6 4. Nc3 e5 5. e4 Be7 6. d5 0-0 7. Be2 c6 8. Bg5 a6 9. 0-0 cxd5 10. cxd5 b5 11. b4 Nb6 12. Bxf6 Bxf6 13. Nd2 Bd7 14. Nb3 Rc8 15. Rc1 Bg5 16. Rc2 Nc4 17. Nb1 Rc7 18. a4 Qb8 19. axb5 axb5 20. Ra2 Rfc8 21. Bg4 Bd8 22. Bxd7 Rxd7 23. Qg4 Rb7 24. Ra6 Bb6 25. N1d2 Qc7 26. h4 h6 27. Rfa1 Rcb8 28. Nf1 Qc8 29. Qxc8+ Rxc8 30. Ng3 g6 31. h5 Kg7 32. hxg6 fxg6 33. Ra8 Rbb8 34. Rxb8 Rxb8 35. Ra6 Rf8 36. Ra2 h5 37. Nh1 Rf4 38. Re2 Rf7 39. Ra2 Rf4 40. Re2 h4 41. Kh2 Rf7 42. Ra2 Ra7 43. Rxa7+ Bxa7 44. g3 hxg3+ 45. Kxg3 Kf6 46. Kf3 Na3 47. Na5 Nc2 48. Nc6 Nd4+ 49. Kg4 Nxc6 50. dxc6 Bb8 51. Ng3 Ke6 52. Ne2 Ba7 53. Nc3 Bxf2 54. Nxb5 Bb6 55. Nc3 1-0

[Event "EU-chT (Women) 08th"]
[Site "Novi Sad"]
[Date "2009.10.25"]
[Round "4"]
[White "Grigoryan, Meri"]
[Black "Blagojevic, Lidija"]
[Result "1/2-1/2"]
[WhiteElo "2122"]
[BlackElo "2046"]
[PlyCount "52"]
[EventDate "2009.10.22"]
[EventType "team-swiss"]
[EventRounds "9"]
[EventCountry "YUG"]
[SourceTitle "EXT 2010"]
[Source "ChessBase"]
[SourceDate "2010.11.25"]
[SourceVersion "1"]
[SourceVersionDate "2010.11.25"]
[SourceQuality "1"]
[WhiteTeam "England (W)"]
[BlackTeam "Montenegro (W)"]
[WhiteTeamCountry "ENG"]
[BlackTeamCountry "MNE"]

1. d4 d6 2. Nf3 Nf6 3. c4 Nbd7 4. Nc3 e5 5. e4 c6 6. Be2 Be7 7. 0-0 0-0 8. Be3 Ng4 9. Bd2 Re8 10. d5 Ngf6 11. Be3 Ng4 12. Bd2 Ngf6 13. Qc2 Qc7 14. Rac1 a6 15. Be3 cxd5 16. cxd5 Ng4 17. Bd2 b5 18. a3 Nb6 19. b3 Bd7 20. h3 Nf6 21. Be3 Rac8 22. Nd2 Qb8 23. Qb1 Rc7 24. Rc2 Rec8 25. Rfc1 Qb7 26. Na2 Bd8 1/2-1/2

[Event "EU-chT (Women) 08th"]
[Site "Novi Sad"]
[Date "2009.10.24"]
[Round "3"]
[White "Blagojevic, Lidija"]
[Black "Newrkla, Katharina"]
[Result "1/2-1/2"]
[WhiteElo "2046"]
[BlackElo "2083"]
[PlyCount "97"]
[EventDate "2009.10.22"]
[EventType "team-swiss"]
[EventRounds "9"]
[EventCountry "YUG"]
[SourceTitle "EXT 2010"]
[Source "ChessBase"]
[SourceDate "2010.11.25"]
[SourceVersion "1"]
[SourceVersionDate "2010.11.25"]
[SourceQuality "1"]
[WhiteTeam "Montenegro (W)"]
[BlackTeam "Austria (W)"]
[WhiteTeamCountry "MNE"]
[BlackTeamCountry "AUT"]

1. e4 c5 2. Nc3 Nc6 3. f4 g6 4. Nf3 Bg7 5. Bc4 e6 6. f5 Nge7 7. fxe6 dxe6 8. d3 0-0 9. 0-0 Nd4 10. Nxd4 cxd4 11. Ne2 Nc6 12. a3 Bd7 13. Qe1 Ne5 14. Bb3 Qb6 15. Qg3 Kh8 16. Bf4 Qc5 17. Rf2 f5 18. Bd2 a5 19. exf5 exf5 20. h3 Ra6 21. Re1 Re8 22. Kh1 Be6 23. Nc1 Bxb3 24. cxb3 Rae6 25. Rfe2 Qd5 26. Bf4 Nc6 27. Rxe6 Rxe6 28. Rxe6 Qxe6 29. Qf2 Kg8 30. Qe2 Kf7 31. Qxe6+ Kxe6 32. Kg1 Bf6 33. Kf2 g5 34. Bd2 Kd5 35. Kf3 b6 36. Be1 h5 37. Bd2 Be7 38. Be1 Ne5+ 39. Ke2 f4 40. Bf2 Nf7 41. Kd2 Nh6 42. Ne2 Nf5 43. h4 Ke5 44. hxg5 Bxg5 45. Ke1 Bh4 46. Bxh4 Nxh4 47. Kf2 Nf5 48. Kf3 Nh4+ 49. Kf2 1/2-1/2